Los Derechos humanos de los emigrantes, el tema exluído del Plan Puebla - Panamá

Furkejuvvon:
Bibliográfalaš dieđut
Materiálatiipa: Texto
Fáttát:
Fáddágilkorat: Lasit fáddágilkoriid
Eai fáddágilkorat, Lasit vuosttaš fáddágilkora!

MARC

LEADER 00000 a a2200000 04500
001 6644
003
040
245 |a Los Derechos humanos de los emigrantes, el tema exluído del Plan Puebla - Panamá  
650 |a EMIGRANTES  
650 |a DERECHOS HUMANOS  
650 |a MEXICO  
650 |a AMERICA CENTRAL  
773 |g volumen 23, número 1038; páginas 16  
999 |c 27714  |d 27714